[Event "Sharjah IM"]
[Site "Sharjah"]
[Date "2003.09.02"]
[Round "9"]
[White "Rahman, Ziaur"]
[Black "Saeed, Majed"]
[Result "1-0"]
[WhiteElo "2521"]
[BlackElo "2060"]
[PlyCount "73"]
[EventDate "2003.08.27"]
[EventType "tourn"]
[EventRounds "11"]
[EventCountry "UAE"]
[EventCategory "4"]
[SourceTitle "EXT 2004"]
[Source "ChessBase"]
[SourceDate "2003.11.25"]
[SourceVersion "1"]
[SourceVersionDate "2003.11.25"]
[SourceQuality "1"]

1. Nf3 d5 2. g3 Nf6 3. Bg2 e6 4. 0-0 Be7 5. d4 0-0 6. c4 c6 7. Qc2 b6 8. Rd1 Bb7 9. Ne5 Qc7 10. Nc3 Nbd7 11. Bf4 Nxe5 12. dxe5 Nd7 13. cxd5 cxd5 14. Qd2 Rfd8 15. Rac1 Bc6 16. Bg5 Bxg5 17. Qxg5 Qb7 18. Rd4 Rac8 19. Rcd1 h6 20. Qh5 Qb8 21. f4 Nc5 22. e3 b5 23. b4 Na4 24. Nxa4 bxa4 25. a3 Be8 26. Qh4 Rc3 27. e4 Qb6 28. Kh1 Rxa3 29. exd5 exd5 30. f5 Kh7 31. f6 g6 32. Qf4 Qe6 33. Qc1 Rb3 34. Rh4 h5 35. Qg5 Qf5 36. Rxh5+ Kg8 37. Rh8+ 1-0

[Event "Sharjah IM"]
[Site "Sharjah"]
[Date "2003.08.28"]
[Round "3"]
[White "Saeed, Majed"]
[Black "Abdul, Majeed Mohamad"]
[Result "1-0"]
[WhiteElo "2060"]
[BlackElo "2245"]
[PlyCount "51"]
[EventDate "2003.08.27"]
[EventType "tourn"]
[EventRounds "11"]
[EventCountry "UAE"]
[EventCategory "4"]
[SourceTitle "EXT 2004"]
[Source "ChessBase"]
[SourceDate "2003.11.25"]
[SourceVersion "1"]
[SourceVersionDate "2003.11.25"]
[SourceQuality "1"]

1. c4 Nf6 2. g3 g6 3. Bg2 Bg7 4. Nc3 0-0 5. d4 d6 6. e3 Nc6 7. Nge2 a6 8. 0-0 Rb8 9. b3 Bd7 10. Bd2 e5 11. Rc1 Qc8 12. Nd5 Bh3 13. Bxh3 Qxh3 14. Nxf6+ Bxf6 15. Bc3 Bg7 16. Qc2 Rfe8 17. Qb2 f5 18. d5 Nd8 19. f4 Nf7 20. Rce1 Nh6 21. fxe5 g5 22. e6 Ng4 23. Nd4 Ne5 24. Qg2 Qg4 25. h3 Qh5 26. Nxf5 1-0

[Event "World ol U16"]
[Site "Kuala Lumpur"]
[Date "2002.08.25"]
[Round "6"]
[White "Saeed, Majed"]
[Black "Wong, Zi Chuang"]
[Result "1-0"]
[WhiteElo "2072"]
[BlackElo "2133"]
[PlyCount "65"]
[EventDate "2002.08.20"]
[EventType "team-swiss"]
[EventRounds "10"]
[EventCountry "MAS"]
[SourceTitle "CBM 089 Extra"]
[Source "ChessBase"]
[SourceDate "2002.09.10"]
[SourceVersion "2"]
[SourceVersionDate "2002.09.10"]
[SourceQuality "1"]

1. d4 d5 2. Nf3 Nf6 3. g3 e6 4. Bg2 Nbd7 5. 0-0 c5 6. Nbd2 b6 7. c4 Bb7 8. b3 Be7 9. Bb2 dxc4 10. Nxc4 Qc7 11. Rc1 Rd8 12. b4 Qb8 13. b5 0-0 14. Nfe5 Nxe5 15. Nxe5 Nd5 16. e4 Nf6 17. Nc6 Bxc6 18. bxc6 Qc7 19. d5 h6 20. f4 exd5 21. exd5 Nh7 22. Be5 Bd6 23. Rc4 Rfe8 24. Qh5 Re7 25. Bc3 Nf8 26. Qg4 Ng6 27. h4 Re4 28. Rxe4 Bf8 29. h5 Ne7 30. Be5 Qc8 31. c7 Rd7 32. d6 Ng6 33. hxg6 1-0

[Event "World ol U16"]
[Site "Kuala Lumpur"]
[Date "2002.08.21"]
[Round "2"]
[White "Saeed, Majed"]
[Black "Barnaure, Vlad Victor"]
[Result "0-1"]
[WhiteElo "2072"]
[BlackElo "2234"]
[PlyCount "68"]
[EventDate "2002.08.20"]
[EventType "team-swiss"]
[EventRounds "10"]
[EventCountry "MAS"]
[SourceTitle "CBM 089 Extra"]
[Source "ChessBase"]
[SourceDate "2002.09.10"]
[SourceVersion "2"]
[SourceVersionDate "2002.09.10"]
[SourceQuality "1"]

1. c4 g6 2. g3 Bg7 3. Bg2 e5 4. Nc3 f5 5. e3 Nc6 6. Nge2 Nf6 7. 0-0 0-0 8. b3 d6 9. Bb2 Ne7 10. d3 c6 11. e4 Be6 12. d4 Qc7 13. Rc1 fxe4 14. dxe5 dxe5 15. Nxe4 Nxe4 16. Bxe4 Rad8 17. Qc2 Nf5 18. Rcd1 Nd4 19. Nxd4 exd4 20. c5 Qf7 21. Rd3 Bd5 22. Bxd5 Rxd5 23. a3 Qf5 24. b4 Re8 25. Rfd1 Re4 26. Kg2 Qe6 27. R3d2 Rh5 28. f3 Re3 29. g4 d3 30. Qc1 Re2+ 31. Rxe2 Qxe2+ 32. Kg1 Qxh2+ 33. Kf1 Qh1+ 34. Kf2 Rh2+ 0-1